000 01004nam a22003970a 4500
001 PT45505
003 AR-LpoUNG
005 20210131231058.0
008 191001s1967||||ag |||||||||||||||||spa d
040 _aAR-LpoUNG
_bspa
_cAR-LpoUNG
_eaacr
041 _aspa
044 _aag
082 0 _a982.063 286nat
100 1 _aFayt, Carlos S.
245 1 0 _aNaturaleza del peronismo
250 _a1ยง ed.
260 _aBuenos Aires :
_bViracocha,
_c[1967].
300 _a414 p. :
_bil.
650 4 _aANALISIS HISTORICO
650 4 _aARGENTINA
650 4 _aCONDICIONES ECONOMICAS
650 4 _aCONDICIONES SOCIALES
650 4 _aCONFLICTOS POLITICOS
650 4 _aGOBIERNO MILITAR
650 4 _aHISTORIA
650 4 _aHISTORIA POLITICA
650 4 _aIDEOLOGIAS POLITICAS
650 4 _aIGLESIA CATOLICA
650 4 _aPARTIDOS POLITICOS
650 4 _aSINDICATOS
650 4 _aSISTEMA DE VALORES
651 4 _aArgentina
653 _aPERONISMO
905 _a45505
942 _cLIB
999 _c7865
_d7865